000 00995cam a22002651i 4500
003 SA_RiAUC
005 20241217085746.0
008 241216s2009____mr g b f000 0 ara c
020 _a9789954051627
040 _aSA-RiIMS
_bara
_cSA-RiAUC
_erda
043 _af-mr---
082 0 _a253.902
_qSA-RiAUC
090 _a253.902
_bا ص ب
100 1 _aاصبيحي، عبد الرزاق
_eمؤلف.
245 1 2 _aالحماية المدنية للأوقاف العامة بالمغرب /
_cعبد الرزاق أصبيحي.
264 1 _aالرباط :
_bمنشورات وزارة الأوقاف والشؤون الإسلامية،
_c2009
300 _a463 صفحة ؛
_c24 سم
336 _aنص
_btxt
_2rdacontent
_3كتاب
337 _aبدون وسيط
_bn
_2rdamedia
338 _aمجلد
_bnc
_2rdacarrier
504 _aبيبليوجرافية : صفحة 433-455.
650 7 _aالوقف
_zالمغرب
_2aucsh
942 _2ddc
_cBOOK
_n0
949 _aSA-JeALM
_d241216
_umohamedma123
_n1
999 _c3592
_d3592